000 00805nam a22002537a 4500
001 9987
003 BD-RjUL
005 20211208234856.0
008 140122r19481944nyn |||| b||| 001 0 eng d
035 _a(BD-RjUL)10034
040 _aBD-RjUL
_beng
_cBD-RjUL
041 _aeng
082 0 4 _221
_a346.7307
_bRUL 1954
100 1 _aRuben, Ira H.
_930850
245 1 _aLaw guide for all /
_cIra H. Ruben
250 _a3rd ed.
260 _aNew York :
_bBarnes & Noble,
_c©1944, [reprinting 1948,1954].
300 _avi, 85p. ;
_c20 cm.
490 1 _aEveryday handbook series
504 _aIncludes bibliography and index.
650 _aCommercial law -- United States.
_930851
856 _3WorldCat
_uhttp://www.worldcat.org/title/law-guide-for-all/oclc/6291956&referer=brief_results
942 _2ddc
_cBK
999 _c9987
_d9987